00432cam a22001097a 4500008004000000082001400040245012100054260006700175300000900242650001300251700005800264180718b1950 xxu||||| |||| 00| 0 eng d aQ100 Un3t aTeamwork in our town: through a community welfare councilcby United Community Funds and Councils of America, U.S.A. aNew YorkbUnited Community Funds and Councils of Americac1950 av.p. aTeamwork aU.S.A. United Community Funds and Councils of America